| 000 | 00893nam a2200265Ia 4500 | ||
|---|---|---|---|
| 003 | GCL | ||
| 008 | 140319s9999 xx 000 0 ara d | ||
| 020 | _a2800241977 | ||
| 040 |
_aGCL / _cGCL |
||
| 082 | 0 | 4 |
_a810.9 _bع ق |
| 100 | 1 | _aعبدالرحيم الكردى | |
| 245 | 1 | 0 |
_aقراءة النص : _bمقدمة تاريخية / _cعبدالرحيم الكردى |
| 250 | _aالاولى | ||
| 260 |
_aالقاهرة : _bمكتبة الاداب ، _c2006 |
||
| 300 |
_a180ص ؛ _c24سم |
||
| 650 | 0 | 4 | _aالادب العربى |
| 650 | 0 | 4 | _aالثقافة الاسلامية |
| 650 | 0 | 4 | _aالقران - تفسير |
| 650 | 0 | 4 | _aالامام الشافعى |
| 650 | 0 | 4 | _aالادب الدينى |
| 650 | 0 | 4 | _aالقران - بلاغة |
| 650 | 0 | 4 | _aالادب العربى - تاريخ ونقد |
| 650 | 0 | 4 | _aالبلاغة العربية - البديع |
| 942 |
_2ddc _cBK |
||
| 999 |
_c9540 _d9540 |
||